| 000 | 01132nam a2200277 i 4500 | ||
|---|---|---|---|
| 003 | DO-SdBNP | ||
| 005 | 20251118113541.0 | ||
| 007 | ta | ||
| 008 | 240418s1980 dr 000 p spa d | ||
| 040 |
_aDO-SdBNP _bspa _cBNPHU _erda |
||
| 041 | _aspa | ||
| 082 | 4 |
_a346.7293082 _bR426L _222 |
|
| 110 | 1 |
_aRepública Dominicana. _b[Leyes, etc.] _911088 |
|
| 245 | 1 | _aLey monetaria No. 1528. Ley general de bancos no 708. Ley orgánica del Banco Central de la República Dominicana No. 6142 / | |
| 264 | 1 |
_aSanto Domingo : _bBanco Central de la República Dominicana, _c1980 |
|
| 300 |
_a72 páginas ; _c22 cm. |
||
| 336 |
_atexto _btxt _2rdacontent |
||
| 337 |
_asin mediación _bn _2rdamedia |
||
| 338 |
_avolumen _bnc _2rdacarrier |
||
| 505 | _aLey monetaria No.152/47 -- Ley General de Bancos No. 708/65 -- Ley Orgánica del Banco Central de la República Dominicana No. 6142/62 | ||
| 590 | _aInventariado, 2024 / DG | ||
| 650 | 7 |
_aBancos centrales _xLegislación _zRepública Dominicana _954908 |
|
| 650 | 4 |
_aBancos _xLegislación _zRepública Dominicana _97047 |
|
| 910 | _aDG/Validado. Control de calidad MFF | ||
| 942 |
_2ddc _cLBS1 |
||
| 999 |
_c57905 _d57905 |
||